banner koha

Botulism in non-ruminants in Brazil (Registro n. 328610)

MARC details
000 -LÍDER
fixed length control field 02492nab a2200301 i 4500
003 - CÓDIGO MARC DA AGÊNCIA CATALOGADORA
Campo de controle BR-BrBNA
005 - DATA E HORA DA ÚLTIMA ATUALIZAÇÃO
Campo de controle 20241113120200.0
008 - CAMPO DE TAMANHO FIXO
fixed length control field 241113b2016 bl.mr|pooa||| 00| 0 eng |
040 ## - FONTE DA CATALOGAÇÃO
Agência catalogadora BR-BrBNA
Idioma da catalogação eng
072 ## - CATEGORIA AGRIS
Código AGRIS L73
Código do objeto 5400 - 5100 - 5300
100 ## - ENTRADA PRINCIPAL - NOME PESSOAL
Nome pessoal Oliveira Júnior, Carlos Augusto de
100 ## - ENTRADA PRINCIPAL - NOME PESSOAL
Nome pessoal Silveira , Rodrigo Otávio
100 ## - ENTRADA PRINCIPAL - NOME PESSOAL
Nome pessoal Olinda, Roberio Gomes
100 ## - ENTRADA PRINCIPAL - NOME PESSOAL
Nome pessoal Lobato, Francisco Carlos Faria
245 ## - TÍTULO PRINCIPAL
Título principal Botulism in non-ruminants in Brazil
500 ## - NOTA GERAL
Nota geral Publicação on-line; Sumaries (En, Pt); Bibliography p. 2163 - 2165
942 ## - ADDED ENTRY ELEMENTS (KOHA)
Koha item type Analítica
520 ## - NOTA DE RESUMO
Nota de conteúdo <br/><br/>ABSTRACT - Botulism is an intoxication caused by the ingestion of neurotoxins secreted by Clostridium botulinum and characterized by progressive flaccid symmetrical paralysis. Among non-ruminant animals, avian species and dogs are the most commonly affected by botulism, while horses and pigs are less-commonly diagnosed with the disease. Despite the importance of this disease in animals, the Brazilian literature only includes case studies and outbreak descriptions. The aim of this study was to review the main features and to provide recent data on the occurrence of botulism in non-ruminants in Brazil. <br/><br/>Key words: flaccid paralysis, Clostridium botulinum, avian, dogs, horses, pigs.
520 ## - NOTA DE RESUMO
Nota de conteúdo <br/><br/>RESUMO - O botulismo é uma intoxicação causada pela ingestão das neurotoxinas secretadas por Clostridium botulinum e caracterizada por uma paralisia flácida simétrica progressiva. Entre os animais não ruminantes, aves e cães são os mais comumente afetados, enquanto equinos e suínos são esporadicamente diagnosticados com a doença. Apesar da reconhecida importância dessa doença nos animais, a literatura brasileira baseia-se apenas em relatos de casos e descrições de surtos. O presente trabalho tem como objetivo revisar a ocorrência e principais característicasdo botulismo em animais não ruminantes no Brasil.<br/><br/>Palavras-chave: paralisia flácida, Clostridium botulinum, aves, cães, equinos, suínos.<br/>
650 ## - ASSUNTO - THESAGRO
Cabeçalho tópico ou nome geográfico CÃO
650 ## - ASSUNTO - THESAGRO
Cabeçalho tópico ou nome geográfico EQUINO
650 ## - ASSUNTO - THESAGRO
Cabeçalho tópico ou nome geográfico SUÍNO
650 ## - ASSUNTO - THESAGRO
Cabeçalho tópico ou nome geográfico BOTULISMO
650 ## - ASSUNTO - THESAGRO
Cabeçalho tópico ou nome geográfico DOENÇA ANIMAL
773 0# - ENTRADA ANALÍTICA
Host Biblionumber 2408
Registro do item 314934
Imprenta Santa Maria-RS Universidade Federal de Santa Maria - Centro de Ciências Rurais 1991
Outro identificador 2024-1185
Título Ciência Rural (Brazil)
ISSN 0103-8478
Colação v. 46(12) p. 2158-2165; (2016)
Número de controle de registro BR2024003401
856 ## - ACESSO E ENDEREÇO ELETRÔNICO
Identificador uniforme de recurso - URI https://www.scielo.br/j/cr/a/N9BWbm6RSP3TkKN6MFw6kJB/?format=pdf&lang=en

Nenhum exemplar disponível.

BINAGRI

Telefone: (61)3218-2567/2388/3357/2097 - binagri@agro.gov.br

Ministério da Agricultura e Pecuária , Esplanada dos Ministérios, Bloco D, Anexo B, Brasília/DF, CEP: 70.043-900